| 000 | 00689nam a2200133 4500 | ||
|---|---|---|---|
| 082 | _a621.381,FLO | ||
| 100 |
_6Thomas L. Floyd _dR.P.Jain _9101458 |
||
| 245 | _aDigital Fundamentals / Thomas L. Floyd | ||
| 250 | _a8th ed | ||
| 260 |
_6India _aPearson Education _b2005 |
||
| 300 | _axiii : 579 p. | ||
| 505 | _aIntroductory Digital Concepts (Page-1), Number Systems, Operations and Codes (Page-16), Boolean Algebra and Logic Simplification (Page-118), Combinatiomal Logic (Page-172), Flip Flops (Page-266), Counters (Page-304), Shift Registers (Page-354), Memory and Storage (Page-390), Integrated Circuit Technologies (Page-452), Programmable Logic Devices (Page-502). | ||
| 942 |
_2ddc _cBK |
||
| 999 |
_c592047 _d592047 |
||